00442nam a2200181Ia 4500003000400000008004100004040001600045082001300061100002000074245004000094700002000134260003000154300000800184650001500192650001200207650001900219650002200238GCL140319s9999 xx 000 0 eng d aGCL / cGCL04a843bW E1 aWOOLF, VIRGINIA10aENTRE LES ACTES / cWOOLF, VIRGINIA1 aCESTRE, CHARLES a[S.N] : bSTOCK ، c1974 a18904aLITERATURE04aFICTION04aFRENCH FICTION04aFRENCH LITERATURE